Councils must protect our precious green belt land (Record no. 84526)
[ view plain ]
| 000 -LEADER | |
|---|---|
| fixed length control field | 01189cad a22002055a 4500 |
| 001 - CONTROL NUMBER | |
| control field | L158186 |
| 008 - FIXED-LENGTH DATA ELEMENTS--GENERAL INFORMATION | |
| fixed length control field | 141009e2014 xxk 000 0 eng d |
| 035 ## - SYSTEM CONTROL NUMBER | |
| System control number | (Sirsi) u158186 |
| 041 0# - LANGUAGE CODE | |
| Language code of text/sound track or separate title | eng |
| 110 2# - MAIN ENTRY--CORPORATE NAME | |
| Corporate name or jurisdiction name as entry element | United Kingdom |
| Subordinate unit | Department for Communities and Local Government |
| 9 (RLIN) | 4939 |
| 245 00 - TITLE STATEMENT | |
| Title | Councils must protect our precious green belt land |
| Medium | [electronic resource] |
| 260 ## - PUBLICATION, DISTRIBUTION, ETC. | |
| Place of publication, distribution, etc. | London |
| Name of publisher, distributor, etc. | DCLG |
| Date of publication, distribution, etc. | 2014 |
| 520 ## - SUMMARY, ETC. | |
| Summary, etc. | New guidance reaffirms how councils should use their Local Plan, drawing on protections in the National Planning Policy Framework. The guidance explains that, once established, green belt boundaries should only be altered in exceptional cases, through the preparation or review of the Local Plan. |
| 590 ## - LOCAL NOTE (RLIN) | |
| Local note | KA |
| 651 #4 - SUBJECT ADDED ENTRY--GEOGRAPHIC NAME | |
| Geographic name | England |
| 690 ## - LOCAL SUBJECT ADDED ENTRY--TOPICAL TERM (OCLC, RLIN) | |
| Topical term or geographic name as entry element | Planning and development |
| 9 (RLIN) | 6259 |
| 856 40 - ELECTRONIC LOCATION AND ACCESS | |
| Uniform Resource Identifier | <a href="https://www.gov.uk/government/news/councils-must-protect-our-precious-green-belt-land">https://www.gov.uk/government/news/councils-must-protect-our-precious-green-belt-land</a> |
| Public note | For the news release at www.gov.uk |
| 856 40 - ELECTRONIC LOCATION AND ACCESS | |
| Uniform Resource Identifier | <a href="https://planningguidance.planningportal.gov.uk/blog/guidance/housing-and-economic-land-availability-assessment/stage-5-final-evidence-base/#paragraph_044">https://planningguidance.planningportal.gov.uk/blog/guidance/housing-and-economic-land-availability-assessment/stage-5-final-evidence-base/#paragraph_044</a> |
| Public note | For the new guidance at planningguidance.planningportal.gov.uk |
| 942 ## - ADDED ENTRY ELEMENTS (KOHA) | |
| Suppress in OPAC | 0 |
| Source of classification or shelving scheme | Dewey Decimal Classification |
| Withdrawn status | Lost status | Source of classification or shelving scheme | Damaged status | Not for loan | Home library | Current library | Shelving location | Date acquired | Total Checkouts | Full call number | Barcode | Date last seen | Copy number | Price effective from | Koha item type |
|---|---|---|---|---|---|---|---|---|---|---|---|---|---|---|---|
| Dewey Decimal Classification | Virtual | Virtual | Online | 09/10/2014 | ONLINE PUBLICATION | 158186-2001 | 06/08/2019 | 1 | 06/08/2019 | Online material |